000 00860nam a2200253Ia 4500
003 OSt
005 20220923211449.0
006 a|||||r|||| 00| 0
007 ta
008 Pun
020 _a9789350684214 (pbk)
_c150
024 _a290,187
037 _b1019, 16/03/2016, H.K. Prakashan
_cTextual
040 _aARTS
_cARTS
_bPun
041 _2Pun
_aPun
082 _aO153,3N15w, Q3
100 _aਸਿੰਘ, ਖੁFਵੰਤ
_9160552
245 0 _aਮੇਰੇ ਜੀਵਨ ਵਿੱਚ ਆਈਆਂ ਔਰਤਾਂ ਅਤੇ ਮਰਦ
260 _aਚੰਡੀਗੜ੍ਹ
_b ਲੋਕਗੀਤ ਪ੍ਰਕਾFਨ
_c2013
300 _a207ਪੰ
_ccm.
650 _aਪੰਜਾਬੀ ਸਾਹਿਤ
942 _hO153,3N15w, Q3
_cTEXL
_2CC
999 _c299776
_d299776